Tendencias ideológicas actuales en el movimiento obrero hondureño: notas preliminares de una investigación /
Salvato in:
| Autore principale: | |
|---|---|
| Ente Autore: | |
| Natura: | Atti del Convegno |
| Lingua: | Spanish |
| Pubblicazione: |
San Pedro de M. de O., Costa Rica :
IIS. UCR,
1979
|
| Soggetti: | |
| Tags: |
Aggiungi Tag
Nessun Tag, puoi essere il primo ad aggiungerne!!
|
MARC
| LEADER | 00000 a a2200000 04500 | ||
|---|---|---|---|
| 001 | 16409 | ||
| 003 | cru CRAI/IIS | ||
| 005 | 20210601160100.0 | ||
| 008 | 210505b |||||||| |||| 00| 0 spa d | ||
| 040 | |c cru CRAI/IIS | ||
| 090 | |a 13.06.01 P855te | ||
| 100 | 1 | |a Posas Amador, Mario | |
| 245 | 1 | |a Tendencias ideológicas actuales en el movimiento obrero hondureño: |b notas preliminares de una investigación / |c Mario Posas Amador | |
| 260 | |a San Pedro de M. de O., Costa Rica : |b IIS. UCR, |c 1979 | ||
| 300 | |a 29 p. | ||
| 500 | |a Colección Centroamérica | ||
| 650 | 0 | |9 4 |a MOVIMIENTOS OBREROS | |
| 651 | 4 | |9 2652 |a HONDURAS | |
| 711 | 2 | |9 9989 |a Seminario Movimientos Laborales |c (La Catalina: |d 1979 octubre 23-27) | |
| 942 | |2 ddc |c LI | ||
| 999 | |c 1537 |d 1537 | ||
